| 000 | 00614nam a22002057a 4500 | ||
|---|---|---|---|
| 001 | 0074 | ||
| 003 | DO-SdBNP | ||
| 005 | 20180222145005.0 | ||
| 007 | 0074 | ||
| 008 | 151210b 1991 cu ||||| |||| 00| 0 spa d | ||
| 040 |
_aBPMSU _bspa _cBPMSU |
||
| 100 | 1 | _aValamaña Montaves, Ileana | |
| 245 | 1 | 0 |
_aLa lactancia de tu bebe / _cIleana Valmaña Montaves ; edición Ana Alicia Vázquez. |
| 260 |
_aSantiago de Cuba : _bOriente, _c1991. |
||
| 300 |
_348 p. ; _c18 cm. |
||
| 700 | 1 | 2 |
_aVázquez N., Ana Alicia, _eedición |
| 942 |
_2ddc _cBK |
||
| 945 | _aInventariado, 2018 /LP | ||
| 956 |
_aBTAVÁREZ _b10 _c20151210 _d0074 |
||
| 999 |
_c9091 _d9091 |
||